| 000 | 05949nam0a22006971 4500 | ||
|---|---|---|---|
| 001 | RU\NLR\A1\20745 | ||
| 005 | 20260408084252.0 | ||
| 035 | _a(NLR Aleph) 009676201 | ||
| 090 |
_a9683601 _c9683601 |
||
| 100 | _a19990917d1734 m y0rusy50 ca | ||
| 101 | 2 |
_arus _ager _crus |
|
| 102 | _aRU | ||
| 135 | _acrcn 024anaba | ||
| 140 | _aa y e aayaa0000 | ||
| 200 | 1 |
_aОда торжественная о здаче города Гданска _fсочиненная в вящшую славу имени всепресветлеишия, державнеишия великия государыни Анны Иоанновны императрицы и самодержицы всероссииския чрез Василья Тредиаковскаго Санктпетербургския Императорския Академии наук секретаря |
|
| 210 |
_aПечатано в Санктпетербурге _cпри Императорскои Академии наук _d1734 |
||
| 215 |
_a[32] с. _cил. _d4° |
||
| 300 | _aИмеется парал. тит. л. на нем. яз.: Siegs-Ode auf die Eroberung der Stadt Dantzig zu höchstem Ruhm des grossen Nahmens der allerdurchlauchtigsten grossmächtigsten Fürstin und grossen Frauen Frauen Anna Joannowna Käyserin und Selbstherrscherin von gantz Russland u. aufgesetzt von Basilio Trediakoffski Secretaire bey der Kayserl. Academie der Wissenschafften zu St: Petersburg. – St. Petersburg: gedruckt bey der Academie der Wissenschafften, 1734 | ||
| 300 | _aТекст парал. на рус. и нем. яз. | ||
| 300 | _aНа с.[4-9] посвящ. авт. Э. И. Бирону (на рус. и нем. яз.) | ||
| 300 | _aПер. на нем. яз. был сделан Г. Ф. Юнкером | ||
| 300 | _aНа с.[10-11] аллегор. изобр. с вензелем имп. Анны Иоанновны, резцовая грав. | ||
| 316 |
_aЭкз. РНБ (18.47.2.25) в коричневом цельнокожаном пер. На верхней крышке пер. наклейка с указанием порядкового номера книги на полке: "25". На нижней крышке пер. наклейка с шифром РНБ. Корешок с 7-ю бинтами и золотым тиснением, сверху и снизу надорван. На корешке красная кожаная наклейка с тисн. золотом загл. на нем. яз.: Siegs Ode. Обрез тонир. красный. Форзац и нахзац из бумаги "павлинье перо". На форзаце ярлык с шифром РНБ, наклеенный поверх экслибриса Эрмитаж. б-ки и ярлык со старым шифром (зачеркнут). На парал. тит. л., с.[19], [31] круглый штамп ГПБ. Имеется синее шелковое ляссе (оторвано, вложено в книгу). На с.[13-14] пятно. Размер: 26,5х19,4х0,8 см _5NLR: (18.47.2.25) |
||
| 317 |
_aВ экз. РНБ (18.47.2.25) на форзаце экслибрис: "Императорская Эрмитажная Русская библиотека" (Богомолов 17895), наклеенный поверх другого экслибриса _5NLR: 18.47.2.25 |
||
| 321 | 1 | _aСК XVIII 7350 | |
| 325 | _aКопия доступна в Электрон. б-ке РНБ | ||
| 327 | 0 | _aИз содерж.: Разсуждение о оде во обще (С.24-31) | |
| 513 | 1 |
_aSiegs-Ode auf die Eroberung der Stadt Dantzig zu höchstem Ruhm des grossen Nahmens der allerdurchlauchtigsten grossmächtigsten Fürstin und grossen Frauen Frauen Anna Joannowna Käyserin und Selbstherrscherin von gantz Russland u. aufgesetzt von Basilio Trediakoffski Secretaire bey der Kayserl. Academie der Wissenschafften zu St: Petersburg _zger |
|
| 518 | 1 | _aОда торжественная о сдаче города Гданьска | |
| 620 | _dСанкт-Петербург | ||
| 700 | 1 |
_8rus _7ca _aТредиаковский _bВ. К. _f1703-1768 _gВасилий Кириллович _3RU\NLR\AUTH\772862 _9112869 |
|
| 702 | 0 |
_4420 _8rus _7ca _aАнна Ивановна _cимператрица российская _f1693-1740 _3RU\NLR\AUTH\7713835 _9123517 |
|
| 702 | 1 |
_4280 _8rus _7ca _aБирон _bЭ. И. _f1690-1772 _gЭрнст Иоганн _3RU\NLR\AUTH\7777711 _960639 |
|
| 702 | 1 |
_6z01702 _aЮнкер _bГ. Ф. В. _f1702 или 1705-1746 _gГотлоб Фридрих Вильгельм _4730 |
|
| 702 | 1 |
_6z01702 _aJuncker _bG. F. W. _gGottlob Friedrich Wilhelm _7ba |
|
| 712 | 0 | 2 |
_4610 _aАкадемическая типография _cПетербург _3RU\NLR\AUTH\8815379 _9303965 |
| 712 | 0 | 2 |
_aЭрмитаж _cПетербург _bБиблиотека _3RU\NLR\AUTH\8810185935 _9866833 |
| 801 | 0 |
_aRU _bNLR _c19990917 |
|
| 852 |
_aNLR _j18.47.2.25 |
||
| 852 |
_aNLR _j18.330.204 |
||
| 856 | 0 | _uhttps://vivaldi.nlr.ru/bx000024826/view | |
| 856 | 1 | _uhttps://vivaldi.nlr.ru/bx000024826/cover | |
| 856 | 2 | _uhttps://vivaldi.nlr.ru/bx000024826/text | |
| 899 | _aРГБ | ||
| 899 | _aБАН | ||
| 899 | _aМГУ | ||
| 899 | _aГПИБ | ||
| 899 | _aЗНБ СГУ | ||
| 899 | _aВОУНБ | ||
| 942 | _cBOOK | ||
| 980 | _aNB | ||
| 980 | 3 | _akpcivil | |
| 980 | 3 | _akp2021 | |
| 980 | 3 | _akp | |
| 980 | _aA1XVIIIv | ||
| 981 | 2 | 2 |
_a(22) Материалы по истории России _b(22) Российский императорский дом |
| 981 | 2 | 0 |
_a(20) Книжные памятники РНБ _b(20) Русский книжный фонд |